Statistics for Largest States

Click here to take the quiz!

General Stats

  • This quiz has been taken 9 times
  • The average score is 11 of 24

Answer Stats

CountryLargest Region% Correct
United StatesAlaska
100%
GermanyBavaria
78%
United KingdomEngland
78%
AustraliaWestern Australia
78%
BrazilAmazonas
67%
RussiaSakha
67%
MexicoChihuahua
56%
JapanHokkaido
56%
CanadaNunavut
56%
IndiaRajasthan
56%
ItalySicily
56%
PakistanBalochistan
44%
FinlandLapland
44%
MaliTombouctou
44%
ChinaXinjiang
44%
DenmarkGreenland
33%
South AfricaNorthern Cape
33%
FranceOccitanie
33%
ArgentinaBuenos Aires
22%
PeruLoreto
22%
BelgiumLuxembourg
22%
IndonesiaPapua
22%
EthiopiaSomali
22%
ChileMagallanes
11%

Score Distribution

Percentile by Number Answered

Percent of People with Each Score

Your Score History

You have not taken this quiz